Laboratory and field manual of ecology
Saved in:
| Main Author: | |
|---|---|
| Other Authors: | |
| Format: | Book |
| Language: | English |
| Published: |
Philadelphia :
Saunders College,
1982
|
| Subjects: | |
| Tags: |
Add Tag
No Tags, Be the first to tag this record!
|
MARC
| LEADER | 00000nam a2200000 i 4500 | ||
|---|---|---|---|
| 001 | 1/73389 | ||
| 008 | 960830s1982 eng d | ||
| 020 | |a 0-03-0057879-5 | ||
| 035 | |l 10003223 | ||
| 040 | |a GR-MY-UA |b gre |e aacr | ||
| 041 | 0 | |a eng | |
| 082 | 0 | |a 574.5 | |
| 100 | 1 | |a Brewer, Richard. | |
| 245 | 1 | 0 | |a Laboratory and field manual of ecology / |c Richard Brewer; Margaret T. McCann |
| 260 | |a Philadelphia : |b Saunders College, |c 1982 | ||
| 300 | |a 269 p. | ||
| 504 | |a Includes index | ||
| 650 | 0 | 0 | |a Ecology. |
| 700 | 1 | |a McCann, Margaret T. | |
| 852 | |a INST |b LESVOS |e 19960830 |h 574.5 BRE |p 005100009279 |q 005100009279 |t BK |y 0 | ||
| 909 | |a Λ |b 02972 | ||